| 000 | 00881nam a22002657a 4500 | ||
|---|---|---|---|
| 001 | 3756 | ||
| 003 | FISKH | ||
| 005 | 20240430090734.0 | ||
| 008 | 240430b cb ||||| |||| 00| 0 eng d | ||
| 020 | _a9781846433764 | ||
| 040 |
_aFISKH _beng _cFISKH _dFISKH |
||
| 050 | _aPZ7.K9483 | ||
| 082 | _a612.8 | ||
| 100 |
_aKubler, Annie _eauthor |
||
| 245 |
_aWhat can I smell? / _cby Annie Kubler |
||
| 260 |
_aChicago : _bChild's Play , _c2011 |
||
| 300 |
_a10 unnumbered pages : _bcolor illustrations ; _c17 cm . |
||
| 490 | _a Small Senses | ||
| 505 | _aF | ||
| 520 | _aBrilliant board books for toddlers based around senses. Exploring the concept of touch, this title features familiar scenes and fun words to encourage lively chatter. | ||
| 521 | 8 |
_a300
_bLexile estimate |
|
| 521 | 8 |
_aF
_bRAz-Plus |
|
| 650 |
_afive senses _vfiction |
||
| 942 |
_2ddc _cBK _n0 |
||
| 999 |
_c3756 _d3756 |
||